El carnaval de Oruro y la peregrinación a la Virgen del Socavón (Record no. 10587)

MARC details
000 -CABECERA
campo de control de longitud fija 00897nam a2200253 a 4500
001 - NÚMERO DE CONTROL
campo de control BRL_1779
005 - FECHA Y HORA DE LA ÚLTIMA TRANSACCIÓN
campo de control 20190320211351.0
008 - DATOS DE LONGITUD FIJA--INFORMACIÓN GENERAL
campo de control de longitud fija 300715s1982----bo-a######---#000-0#spa-#
041 ## - CÓDIGO DE LENGUA
Código de lengua del texto/banda sonora o título independiente spa
044 ## - CÓDIGO DEL PAÍS DE LA ENTIDAD EDITORA/PRODUCTORA
Código MARC del país bo
050 #4 - SIGNATURA TOPOGRÁFICA DE LA BIBLIOTECA DEL CONGRESO
Número de clasificación GT4232.O7
Número de documento/Ítem .C37 1982
100 1# - ENTRADA PRINCIPAL--NOMBRE DE PERSONA
Nombre de persona Castillo Porcel, Oscar Eduardo
9 (RLIN) 27857
245 10 - MENCIÓN DE TÍTULO
Título El carnaval de Oruro y la peregrinación a la Virgen del Socavón
Resto del título proceso evolutivo del Carnaval de Oruro y la peregrinación a la Virgen del Socavón
Mención de responsabilidad, etc. Oscar Eduardo Castillo Porcel.
260 ## - PUBLICACIÓN, DISTRIBUCIÓN, ETC.
Lugar de publicación, distribución, etc. Bolivia
Nombre del editor, distribuidor, etc. Editorial Lilial
Fecha de publicación, distribución, etc. 1982
300 ## - DESCRIPCIÓN FÍSICA
Extensión 95 p.
Otras características físicas il.
Dimensiones 16 cm.
500 ## - NOTA GENERAL
Nota general Au1985
650 14 - PUNTO DE ACCESO ADICIONAL DE MATERIA--TÉRMINO DE MATERIA
Término de materia o nombre geográfico como elemento de entrada Carnaval
Subdivisión geográfica Oruro (Bolivia)
9 (RLIN) 27858
650 14 - PUNTO DE ACCESO ADICIONAL DE MATERIA--TÉRMINO DE MATERIA
Término de materia o nombre geográfico como elemento de entrada Peregrinaciones cristianas
Subdivisión geográfica Oruro (Bolivia)
9 (RLIN) 27859
650 14 - PUNTO DE ACCESO ADICIONAL DE MATERIA--TÉRMINO DE MATERIA
Término de materia o nombre geográfico como elemento de entrada Socavoìn, Virgen del
9 (RLIN) 27860
651 #4 - PUNTO DE ACCESO ADICIONAL DE MATERIA--NOMBRE GEOGRÁFICO
Nombre geográfico Oruro (Bolivia)
Subdivisión general Vida social y costumbres
9 (RLIN) 27861
740 0# - PUNTO DE ACCESO ADICIONAL--TÍTULO RELACIONADO O ANALÍTICO NO CONTROLADO
Título relacionado o analítico no controlado Carnaval de Oruro
902 ## - CATALOGADOR
Iniciales GRL
942 ## - ELEMENTOS DE PUNTO DE ACCESO ADICIONAL (KOHA)
Fuente del sistema de clasificación o colocación Library of Congress Classification
Tipo de ítem Koha Libros
Holdings
Estado de retiro Estado de pérdida Estado dañado No para préstamo Localización permanente Ubicación/localización actual Fecha de adquisición Número de inventario Total de préstamos Signatura topográfica completa Código de barras Fecha visto por última vez Precio válido a partir de Tipo de ítem Koha
El ejemplar forma parte de la colección y puede ser consultado según las políticas vigentes.       Biblioteca Centro de Estudios Ruth D. Lechuga Biblioteca Centro de Estudios Ruth D. Lechuga 30/07/2015 Au1985   GT4232.O7 .C37 1982 (Au1985) GRL01948 22/03/2019 22/03/2019 Libros